000 00628nam a22001817a 4500
003 OSt
005 20250624013953.0
008 250618b |||||||| |||| 00| 0 eng d
040 _aDWCL - Main lib
_cOC
082 _aFil. 577.2 S454d 1995
100 _aSegovia, Raul E.
245 _aA dictionary of the crisis in the Philippine Ecosystem/
_cRaul E. Segovia
260 _aManila:
_bPhilippine Environmental Action Network,
_cc1995.
300 _aviii, 98 pages:
_billustrations;
_c21cm.
504 _aIncludes bibliographical references.
650 _a1. Dictionary-Ecosystem--Philippines.
942 _2ddc
_cBK - FIL
_kFil.
_n0
999 _c3138
_d3138